000 00630nam a2200253Ia 4500
005 20260123122735.0
008 008 260114s9999 xx 000 0 eng d
020 _a9789353885793
037 _aEBOOK
040 _aCRL
040 _beng
040 _cCRL
041 _2eng
041 _aeng
084 _qCRL
100 _aArvind Gupta, Anil Wadhwa (Editors)
_91104999
245 0 _aIndia’s Foreign Policy: Surviving in a Turbulent World
260 _bSAGE
260 _c2021
856 _uhttps://sk.sagepub.com/books/india-foreign-policy
942 _cEBOOK
999 _c1670235
_d1670235